00499nam a22001697a 45000050016000000100017000160200025000330350017000580370024000750820006000991000017001052450056001222600031001782700065002093000032002744900023003062012011809409.0 aB-482508-523 a9788128622250c75.00 aB-482508-523 adplbBlue Berry/Ven aS aBlyton, Enid aNoddy Mr Sparks's alert fire enginecby Enid Blyton aMumbai:bEuro Books,c2009 a158, Vidyanagari Marg, Kalina, Santacruz (E)bMumbaie400098 a26 p.bill(col)c26cm (Pbk) aLarge print reader